Normal view
MARC view
Entry Personal Name
001 - CONTROL NUMBER
- control field: 8767
003 - CONTROL NUMBER IDENTIFIER
- control field: OSt
005 - DATE AND TIME OF LATEST TRANSACTION
- control field: 20160513145727.0
008 - FIXED-LENGTH DATA ELEMENTS
- fixed length control field: 160513|| aca||aabn | a|a d
040 ## - CATALOGING SOURCE
- Original cataloging agency: OSt
- Transcribing agency: OSt
100 ## - HEADING--PERSONAL NAME
- Personal name: Rost, Joseph C.
670 ## - SOURCE DATA FOUND
- Source citation: Work cat.: (OSt)4017: Rost, Joseph C., Leadership for the twenty-first century /, 1993.
